Statistics for The 100 Greatest Footballers of all Time

Click here to take the quiz!

General Stats

  • This quiz has been taken 506 times
  • The average score is 40 of 100

Answer Stats

NATIONNAME OF THE FOOTBALLER% Correct
ArgentinaLionel Messi
100%
PortugalCristiano Ronaldo
99%
BrazilRonaldo
99%
ArgentinaDiego Maradona
98%
BrazilPele
98%
NetherlandsJohan Cruyff
90%
GermanyGerd Müller
86%
FranceZinedine Zidane
86%
GermanyThomas Müller
85%
BrazilRonaldinho
82%
Hungary/SpainFerenc Puskas
81%
Spain | UruguayLuis Suarez
80%
BrazilNeymar
79%
ItalyPaolo Maldini
79%
SpainXavi
77%
GermanyFranz Beckenbauer
75%
SpainAndrés Iniesta
74%
Northern IrelandGeorge Best
72%
FranceThierry Henry
69%
Argentina/Spain/ColombiaAlfredo Di Stefano
68%
NetherlandsMarco Van Basten
67%
FranceMichel Platini
66%
SwedenZlatan Ibrahimovic
66%
ItalyGianluigi Buffon
65%
CroatiaLuka Modric
65%
BrazilRoberto Carlos
63%
URSSLev Yashin
59%
NetherlandsRuud Gullit
59%
GermanyManuel Neuer
58%
FranceKylian Mbappe
57%
PolandRobert Lewandowski
57%
PortugalEusebio
56%
EnglandBobby Charlton
54%
BrazilCafu
53%
BrazilGarrincha
53%
SpainIker Casillas
52%
ItalyRoberto Baggio
51%
BrazilRomario
48%
SpainSergio Ramos
48%
ItalyAndrea Pirlo
47%
BrazilZico
47%
WalesRyan Giggs
45%
EnglandBobby Moore
42%
GermanyLothar Matthaus
42%
ItalyFranco Baresi
41%
MexicoHugo Sanchez
41%
BelgiumKevin De Bruyne
40%
ItalyAlessandro Del Piero
39%
BrazilCarlos Alberto
35%
ScotlandKenny Dalglish
34%
DenmarkMichael Laudrup
34%
BrazilSocrates
33%
RomaniaGheorghe Hagi
31%
SpainSergio Busquets
31%
GermanyToni Kroos
30%
NetherlandsDennis Bergkamp
29%
BrazilJairzinho
29%
BrazilDani Alves
28%
NetherlandsFrank Rijkaard
28%
ItalyDino Zoff
23%
ItalyGiuseppe Meazza
20%
GermanyKarl-Heinz Rummenigge
19%
ItalyGianni Rivera
16%
EnglandGordon Banks
16%
FranceRaymond Kopa
16%
BrazilDidi
15%
NetherlandsJohan Neeskens
15%
BrazilRivelino
15%
HungarySandor Kocsis
15%
ArgentinaDaniel Passarella
14%
ArgentinaJuan Roman Riquelme
14%
EnglandStanley Matthews
14%
BrazilDjalma Santos
11%
SwedenGunnar Nordahl
11%
WalesJohn Charles
11%
FranceLillian Thuram
11%
BrazilNilton Santos
11%
Czech RepublicJosef Masopust
10%
SpainPaco Gento
10%
ItalySandro Mazzola
10%
ItalyValentino Mazzola
10%
UruguayJose Schiaffino
9%
ItalyGiacinto Facchetti
8%
AustriaMathias Sindelar
8%
NetherlandsRuud Krol
8%
GermanyUwe Seeler
8%
Argentina"Charro" Moreno
7%
ArgentinaOmar Sivori
7%
EnglandDixie Dean
6%
ChileElias Figueroa
6%
GermanyFritz Walter
6%
GermanyGunter Netzer
6%
HungaryNandor Hidegkuti
6%
SwedenNils Liedholm
6%
UruguayJose Andrade
5%
SerbiaDragan Džajić
4%
HungaryJózsef Bozsik
4%
BrazilLeonidas
4%
ItalyGiuseppe Bergomi
3%

Score Distribution

Percentile by Number Answered

Percent of People with Each Score

Your Score History

You have not taken this quiz